|
|
|
|
| LEADER |
00000nam a2200000 a 4500 |
| 001 |
vtls001469510 |
| 003 |
SK-MaSNL |
| 005 |
20260301101500.0 |
| 008 |
160624s2004 xo 0 und |
| 035 |
|
|
|a SNK000424815
|
| 040 |
|
|
|a SNK
|b slo
|c SNK
|e AACR2
|
| 044 |
|
|
|a xo
|c SK
|
| 245 |
1 |
|
|a STN EN 30-1-4 Varné spotrebiče na plynné palivá pre domácnosť
|n Časť 1-4:
|p bezpečnosť
|p spotrebiče s jedným alebo viac horákmi vybavenými automatikou horáka
|
| 260 |
|
|
|a Bratislava
|b Slovenský ústav technickej normalizácie
|c 2004
|
| 500 |
|
|
|a Táto norma je slovenskou verziou EN 30-1-4: 2002
|
| 655 |
|
7 |
|a normy
|2 SNK
|9 70643
|
| 774 |
1 |
8 |
|t STN EN 30-1-4/A1: 2006
|d Bratislava : Slovenský ústav technickej normalizácie, 2007
|w vtls 8991515
|
| 999 |
|
|
|c 689396
|d 691326
|
| 952 |
|
|
|t P60, <03>, [BOOK], {603}
|a SNK
|b SNK
|y PREZ
|7 0
|p 17A0415158
|o snkSTN EN 30-1-4
|i snkN 613/2004
|0 0
|1 0
|4 0
|d 2004-02-26
|l 0
|r 2005-01-02 00:00:00
|w 2026-02-23
|
| 952 |
|
|
|t P66, <07>, [BOOK], {667}
|a SNK
|b SNK
|y PREZ
|7 0
|p 17A0415157
|o snkSTN EN 30-1-4 D1
|i snkN 614/2004
|0 0
|1 0
|4 0
|d 2004-02-26
|l 0
|r 2005-01-02 00:00:00
|w 2026-02-23
|